000 00323nam a22001457a 4500
008 210527b ||||| |||| 00| 0 eng d
020 _a9780820327624
041 _aeng
080 _a574
082 _a574
100 _a9
101 _aMJE
245 _aUp From the Mudsills of Hell
_cConnie L. Lester
942 _2udc
_cBK
999 _c57709
_d57709